| Tag |
First Indicator |
Second Indicator |
Subfields |
| LEADER |
00000cam a2200000 4500 |
| 001 |
in00000718821 |
| 005 |
20161110091914.0 |
| 008 |
740610s1967 nyu 00011 eng u |
| 010 |
|
|
|a 67015664
|
| 035 |
|
|
|a (OCoLC)00912160
|
| 035 |
|
|
|9 ADD7668AM
|
| 040 |
|
|
|c AKR
|d TXA
|d UtOrBLW
|
| 049 |
|
|
|a TXAM
|c 1 [474481]
|c 2 [430447]
|
| 050 |
|
0 |
|a PZ3.B6826
|b Ti
|
| 050 |
|
4 |
|a PR6003O685
|b T5
|
| 090 |
|
|
|a PR6003.O685
|b T56 1967
|
| 100 |
1 |
|
|a Bowles, Paul,
|d 1910-1999.
|
| 245 |
1 |
4 |
|a The time of friendship ;
|b a volume of short stories /
|c [by] Paul Bowles.
|
| 250 |
|
|
|a [1st ed.].
|
| 264 |
|
1 |
|a New York :
|b Holt, Rinehart and Winston,
|c [1967]
|
| 300 |
|
|
|a 215 pages ;
|c 22 cm.
|
| 336 |
|
|
|a text
|b txt
|2 rdacontent
|
| 337 |
|
|
|a unmediated
|b n
|2 rdamedia
|
| 338 |
|
|
|a volume
|b nc
|2 rdacarrier
|
| 505 |
0 |
|
|a The time of friendship.--The successor.--The hours after noon.--A friend of the world.--He of the Assembly.--The story of Lahcen and Idir.--The wind at Beni Midar.--The hyena.--The garden.--Dona Faustina.--Tapiama.--If I should open my mouth.--The frozen fields.
|
| 999 |
|
|
|a MARS
|
| 999 |
f |
f |
|s d0284a23-91d6-31cc-adf8-24d6bc45de46
|i 79da9436-343f-358a-8be0-0294981ea692
|t 0
|
| 952 |
f |
f |
|p normal
|a Texas A&M University
|b College Station
|c Sterling C. Evans Library
|s Evans stk
|d Evans: Library Stacks
|t 0
|e PR6003.O685 T56 1967
|h Library of Congress classification
|i unmediated -- volume
|m A14804203348
|
| 998 |
f |
f |
|a PR6003.O685 T56 1967
|t 0
|l Evans: Library Stacks
|